Capitales aléatoire d'Europe. - Statistiques

Statistiques générales
  • Ce quiz a été pris 874 fois
  • Le résultat moyen est 13 sur 15
Statistiques - réponses
Pays Capitale % Correct
Italie Rome
100%
France Paris
99%
Allemagne Berlin
98%
Portugal Lisbonne
98%
Royaume-Uni Londres
98%
Luxembourg Luxembourg
98%
Espagne Madrid
97%
Monaco Monaco
97%
Russie Moscou
97%
Grèce Athènes
95%
Belgique Bruxelles
95%
Norvège Oslo
95%
Vatican Vatican
94%
Suisse Berne
93%
Ukraine Kiev
92%
Pologne Varsovie
92%
Pays-Bas Amsterdam
91%
Hongrie Budapest
91%
Irlande Dublin
90%
Suède Stockholm
90%
Autriche Vienne
89%
Andorre Andorre-La-Vieille
87%
Danemark Copenhague
87%
Saint-Marin Saint-Marin
87%
Finlande Helsinki
86%
Bulgarie Sofia
86%
Malte La Valette
85%
Croatie Zagreb
85%
Roumanie Bucarest
81%
Rep. Tchèque Prague
78%
Albanie Tirana
77%
Bosnie-Herzégovine Sarajevo
75%
Biélorussie Minsk
72%
Lettonie Riga
71%
Slovénie Ljubljana
69%
Islande Reykjavik
68%
Estonie Tallinn
67%
Serbie Belgrade
65%
Liechtenstein Vaduz
64%
Slovaquie Bratislava
63%
Moldavie Chisinau
59%
Lituanie Vilnius
59%
Macédoine Skopje
57%
Monténégro Podgorica
48%
Kosovo Pristina
47%
Aucun quiz correspondant
Distribution des résultats
% des personnes avec chaque résultat
Percentile par nombre de réponses
Votre historique - résultats
Vous n’avez pas pris ce quiz